000
00334nam a2200133Ia 4500
008
150201s1998 xx 000 0 und d
082
_a
612
_b
S98T
100
_a
TONDON,OP
245
_a
SYNOPSIS OF HUMAN PHYSIOLOGY PART-ONE
250
_a
2ND
260
_b
JAYPEE BROTHERS
_a
DELHI
_c
1998
650
_a
HUMAN PHYSIOLOGY
942
_2
ddc
_c
BK
999
_c
1016
_d
1016